Medziodvetvová alokácia investičných prostriedkov v národnom hospodárstve štúdia spracovaná v rámci plnenia vládneho uznesenia č. 113/78

Gespeichert in:
Bibliographische Detailangaben
1. Verfasser: Mihalovič, Juraj
Format: Buch
Sprache:Slowakisch
Veröffentlicht: Bratislava Vysoká škola ekonomická 1979
Tags: Tag hinzufügen
Keine Tags, Fügen Sie das erste Tag hinzu!

MARC

LEADER 00000nam a2200000 4500
001 c141076
005 20250703081508.6
041 0 |a slo 
044 |a SK 
245 1 0 |a Medziodvetvová alokácia investičných prostriedkov v národnom hospodárstve  |b štúdia spracovaná v rámci plnenia vládneho uznesenia č. 113/78  |c Juraj Mihalovič 
264 1 |a Bratislava  |b Vysoká škola ekonomická  |c 1979 
300 |a 33 s. 
100 1 |a Mihalovič, Juraj